Text Book of Physiology Vol 1 (Record no. 12282)

MARC details
000 -LEADER
fixed length control field 00345nam a2200145Ia 4500
008 - FIXED-LENGTH DATA ELEMENTS--GENERAL INFORMATION
fixed length control field 220613s9999||||xx |||||||||||||| ||und||
020 ## - INTERNATIONAL STANDARD BOOK NUMBER
International Standard Book Number+Amount 9788177395754
100 ## - MAIN ENTRY--PERSONAL NAME
Author Name A K Jain
245 #0 - TITLE STATEMENT
Title Text Book of Physiology Vol 1
250 ## - EDITION STATEMENT
Edition 9th(2021)
260 ## - PUBLICATION, DISTRIBUTION, ETC. (IMPRINT)
Name of publisher Avichal Publishing Co
300 ## - PHYSICAL DESCRIPTION
Page No 560
650 ## - SUBJECT ADDED ENTRY--TOPICAL TERM
Subject Physiology
942 ## - ADDED ENTRY ELEMENTS (KOHA)
Koha item type Pre Clinical
Holdings
Withdrawn status Lost status Source of classification or shelving scheme Damaged status Not for loan Home library Current library Date acquired Total Checkouts Barcode Checked out Date last seen Date checked out Koha item type
    Dewey Decimal Classification     SRHU Library System SRHU Library System 13/03/2023 14 CL0021105 21/04/2026 02/04/2026 02/04/2026 Physiology
Designed & Maintained by: SRHU Library System
Central Library, Contact: